01431nam a2200361Ia 4500001001200000003000800012006001900020007001500039008004100054010001700095020001800112020001800130020001800148040002100166035002100187043001200208050002400220100003000244245010700274260005300381300001100434504005100445533015200496650003600648650008000684650003700764650003700801650004200838655002900880710001700909856012600926999001701052ebr10620947CaPaEBRm u cr cn|||||||||120411s2012 mau sb 001 0 eng d z 2012014928 z9781555537982 z9781555537999 z9781555538002 aCaPaEBRcCaPaEBR a(OCoLC)816818663 an-us---14aKF9350b.B73 2012eb1 aBrenner, Susan W.,d1947-10aCybercrime and the lawh[electronic resource] :bchallenges, issues, and outcomes /cSusan W. Brenner. aBoston :bNortheastern University Press,cc2012. a263 p. aIncludes bibliographical references and index. aElectronic reproduction.bPalo Alto, Calif. :cebrary,d2011.nAvailable via World Wide Web.nAccess may be limited to ebrary affiliated libraries. 0aComputer crimeszUnited States. 0aComputer networksxLaw and legislationzUnited StatesxCriminal provisions. 0aComputer viruseszUnited States. 0aComputer hackerszUnited States. 0aCriminal jurisdictionzUnited States. 7aElectronic books.2local2 aebrary, Inc.40uhttp://site.ebrary.com/lib/rucke/Doc?id=10620947zAn electronic book accessible through the World Wide Web; click to view c56656d56656